000 00316 a2200157 4500
001 182186
020 _a85-7344-064-3
040 _cMagnum
100 _aAndrade, Mário de
240 1 0 _aMacunaíma
_lpor
245 1 0 _aMacunaíma
300 _a126
362 0 _a1997
697 _aLITERATURA GERAL
942 _cBK
999 _c182186
_d182186